شرح البيقونية / (رقم التسجيلة. 74012)

تفاصيل مارك
000 -الفاتح
عناصر البيانات ثابتة الطول 00616cam a2200169 i 4500
005 - تاريخ ووقت آخر معاملة
حقل ضبط 20251201081400.0
008 - عناصر البيانات ثابتة الطول
عناصر البيانات ثابتة الطول 250721s2002 ua gr 000 0 ara d
082 14 - رقم تصنيف ديوي العشري
رقم التصنيف 213.1
رقم المادة ع ث م
100 1# - مدخل رئيسي – اسم شخصي
الاسم الشخصي العثيمين، محمد بن صالح
علاقة الشخص بالعمل/ دوره مؤلف.
245 10 - بيان العنوان
العنوان شرح البيقونية /
بيان المسؤولية العلامة محمد بن صالح العثيمين.
264 31 - بيانات النشر، التوزيع…إلخ
مكان النشر، التوزيع...إلخ القاهرة :
اسم الناشر، الموزع...إلخ دار الآثار للطباعة والنشر والتوزيع،
تاريخ النشر، التوزيع...إلخ 2002.
300 ## - الوصف المادي
عدد الوحدات المكونة للوعاء 96 صفحة.
650 17 - مدخل إضافي بالموضوع - مصطلح موضوعي
مصطلح موضوعي أو اسم جغرافي كعنصر مدخل الحديث.
650 17 - مدخل إضافي بالموضوع - مصطلح موضوعي
مصطلح موضوعي أو اسم جغرافي كعنصر مدخل علم المصطلحات.
942 ## - بيانات إضافية (كوها)
نوع التنصيف Dewey Decimal Classification
نوع المادة (كوها) مراجع
المقتنيات
حالة السحب حالة الفقدان مصدر التصنيف حالة التلف غير قابل للإعارة المكتبة الرئيسية المكتبة الحالية موقع الرف تاريخ التزويد الرقم المتسلسل Total Checkouts رقم الإستدعاء الباركود تاريخ آخر ظهور تاريخ الفاتورة نوع المادة (كوها)
    Dewey Decimal Classification     المكتبة المركزية المكتبة المركزية الإعارة 06/07/2004 632095   213.1 / ع ث م 632095 28/07/2025 06/07/2004 مراجع
    Dewey Decimal Classification     مكتبة حمزة العامة مكتبة حمزة العامة الإعارة 21/02/2016 632098   213.1/عثم PLD00375252 28/07/2025 21/02/2016 مراجع
    Dewey Decimal Classification   Not For Loan مكتبة صويلح العامة مكتبة صويلح العامة مراجع 10/09/2019 632097   213.1/عثم PLD00466886 28/07/2025 10/09/2019 مراجع
Implemented & Customized by: BBB with SCIT (Smart Chains for Information Technology)

Powered by Koha